| 000 | 01741nam0a2200313 4500 | ||
|---|---|---|---|
| 001 | RU\NLR\BIBL_A\022597548 | ||
| 005 | 20260420051748.0 | ||
| 010 |
_a978-5-7256-1026-0 _9300 |
||
| 021 |
_aRU _bКН-П-25-034069 _9КН-П-25-3367 |
||
| 035 | _a(NLR Aleph) 022597548 | ||
| 090 |
_a13680711 _c13680711 |
||
| 100 | _a20250806d2024 u y0rusy50 ca | ||
| 101 | 0 | _arus | |
| 102 | _aRU | ||
| 105 | _aa|||j|||000yy | ||
| 181 | 0 |
_ai3 _baxxe |
|
| 182 | 0 | _an | |
| 200 | 1 |
_aПроектирование КМДП-схем памяти _eучебное пособие по курсу "Проектирование систем на кристалле с программируемой архитектурой" _fО. А. Титов _gМинистерство науки и высшего образования Российской Федерации, Национальный исследовательский университет "МИЭТ" |
|
| 203 |
_aТекст _bвизуальный _cнепосредственный |
||
| 210 |
_aМосква _cМИЭТ _d2024 |
||
| 215 |
_a188 с. _cил., табл. _d21 |
||
| 320 | _aБиблиогр.: с. 184-185 (17 назв.) | ||
| 606 | 1 |
_aЗапоминающие устройства на КМДП-структурах _jУчебные издания для высших учебных заведений _xПроектирование _92682553 _3RU\NLR\AUTH\6601761667 |
|
| 686 | 1 | _aЗ973.2-045.2-02я73-1 | |
| 700 | 1 |
_aТитов _bО. А. _cканд. техн. наук, электрон. техника _gОлег Анатольевич _9212894 _3RU\NLR\AUTH\770212950 |
|
| 942 | _cBOOK | ||
| 980 | _aNB | ||